Who said these Dreamcatcher iconic quotes #4 - Statistics

General Stats
  • This quiz has been taken 44 times
  • The average score is 10 of 10
Answer Stats
Quote Member % Correct
Medium-rare. And chicken noodle soup. And… Steak! Siyeon
100%
Why are you pulling up my pants, unnie? Dami
98%
Rich. Gahyun
98%
"What does the cotton candy you made taste like?" The taste of failure. Handong
98%
I have something to say… Sua just bit my lip Siyeon
98%
Then shall we help each other shower? SuA
98%
Guys, let me recommend you a land. Where would it be? In my heart? JiU
95%
Rock and roll baby, come on ! JiU
95%
If it's going to be an important day, I have something for that… Red underwear SuA
95%
"What hair color do you wanna try?" Bald Yoohyeon
95%
No matching quizzes found
Score Distribution
Percent of People with Each Score
Percentile by Number Answered
Your Score History
You have not taken this quiz